Music Quiz

Random Music or Verse Quiz

Hymn Lyrics: Amazing Grace Quiz Stats

 Plays Quiz not verified by Sporcle

Score 0/146 Timer 12:00
1 Play Today
Verse % Correct
Verse 1a
99.9%
Verse 1grace!
99.3%
Verse 2grace
99.3%
Verse 2grace
99.3%
Verse 2grace
99.3%
Verse 3grace
99.3%
Verse 3grace
99.2%
Verse 1Amazing
99.2%
Verse 1the
98.9%
Verse 2The
98.9%
Verse 4The
98.9%
Verse 6The
98.9%
Verse 6The
98.8%
UTCthe
98.8%
Verse 1how
98.6%
Verse 2How
98.6%
Verse 1sweet
98%
Verse 1am
97.9%
Verse 1sound
97.3%
Verse 3I
97.1%
Verse 1I
97%
Verse 1I
97%
Verse 2I
97%
Verse 1was
95.6%
Verse 1Was
95.6%
Verse 1now
95.5%
Verse 1now
95.5%
Verse 1me!
95.3%
Verse 1but
95.3%
Verse 1but
95.3%
Verse 3me
95.3%
Verse 3me
95.3%
Verse 4me,
95.3%
Verse 6But
95.3%
Verse 6me
95.3%
Verse 1That
94.9%
Verse 2that
94.9%
Verse 2that
94.9%
Verse 3hath
94.9%
Verse 1lost,
94.7%
Verse 1found,
94.5%
Verse 1once
94.4%
Verse 1like
94.1%
Verse 6like
94.1%
Verse 1see.
93.6%
Verse 1saved
93%
Verse 1blind,
92.9%
UTCno
92.1%
Verse 1wretch
91%
Verse % Correct
Verse 2And
87.3%
Verse 3and
87.3%
Verse 3And
87.3%
Verse 4and
87.3%
Verse 2to
83.2%
Verse 4to
83.2%
Verse 6to
83.2%
UTCto
83.2%
Verse 2my
79.9%
Verse 2my
79.9%
Verse 4my
79.8%
Verse 4my
79.8%
Verse 4be
79.7%
Verse 6be
79.7%
Verse 2'Twas
78.8%
Verse 4He
77.4%
Verse 2heart
75.6%
Verse 2taught
73%
Verse 2first
71.9%
UTCfirst
71.9%
Verse 2fear,
69.4%
Verse 2believed!
69.2%
Verse 2hour
68.6%
UTCwe've
67.1%
UTCWe've
67.1%
UTCwe'd
67.1%
Verse 2relieved;
65.1%
Verse 2fears
64.8%
Verse 2did
64.5%
Verse 2precious
64.4%
Verse 3will
64.4%
Verse 4will
64.4%
Verse 6Will
64.4%
UTCWhen
64.2%
UTCwhen
64.2%
Verse 2appear
63.3%
Verse 4As
62.2%
Verse 4as
62.2%
UTCas
62.2%
Verse 6God,
61.9%
UTCbeen
61.6%
Verse 3home.
60.8%
Verse 6sun
59.4%
UTCsun,
59.4%
UTCyears,
59%
UTCthousand
58.7%
UTCsing
58.6%
UTCten
58.1%
UTCthere
57.7%
Verse % Correct
Verse 3brought
57.4%
Verse 3lead
57.4%
UTCBright
56.5%
UTCshining
55.6%
UTCbegun.
55.2%
Verse 3have
54.9%
Verse 4Lord
54.5%
UTCdays
54.5%
UTCless
54.4%
UTCpraise,
54.2%
Verse 4has
54.1%
UTCGod's
53.9%
UTCThan
53.6%
Verse 3far,
52.5%
Verse 3thus
51.6%
Verse 3Through
51.1%
Verse 3come;
51.1%
Verse 3many
50.8%
Verse 3safe
49.2%
Verse 3toils,
48.2%
Verse 3already
48.2%
Verse 4good
47.5%
Verse 4His
47.4%
Verse 4life
45.3%
Verse 3dangers,
45.2%
Verse 3snares,
45.1%
Verse 4long
43.7%
Verse 4promised
41.2%
Verse 4endures.
39.2%
Verse 4shield
36.3%
Verse 4portion
35.7%
Verse 6here
35%
Verse 4hope
34.8%
Verse 4Word
34.5%
Verse 6shine
34.5%
Verse 3'Tis
34.2%
Verse 6who
33.5%
Verse 6shall
32.8%
Verse 4secures;
31.5%
Verse 6mine.
31.5%
Verse 6forever
30.6%
Verse 6earth
29.5%
Verse 6snow,
26.9%
Verse 6soon
26.7%
Verse 6dissolve
24.6%
Verse 6forbear
22.9%
Verse 6below,
20.2%
Verse 6called
18.6%

You're not logged in!

Compare scores with friends on all Sporcle quizzes.
OR
Log In

Sporcle TV

Today on Sporcle TV


Watch our educational content, quiz creation guides, and fun videos on Sporcle TV.

Show Comments

Extras

Top Quizzes Today


Score Distribution

Your Account Isn't Verified!

In order to create a playlist on Sporcle, you need to verify the email address you used during registration. Go to your Sporcle Settings to finish the process.

Report this User

Report this user for behavior that violates our Community Guidelines.

Details: